Príručka „Ako pripraviť a spustiť fotovoltický projekt“

V súčasnom prostredí, kde sú energetická transformácia a udržateľnosť v popredí strategického plánovania, predstavujú fotovoltické (FV) projekty kľúčovú investíciu pre organizácie všetkých typov, obzvlášť pre subjekty verejného sektora. Ich úspešná implementácia, najmä pri rozsiahlejších systémoch s...

Ausführliche Beschreibung

Gespeichert in:
Bibliographische Detailangaben
1. Verfasser: Slobodníková, Miriam
Format: Buchkapitel
Sprache:Slowakisch
Schlagworte:
Tags: Tag hinzufügen
Keine Tags, Fügen Sie das erste Tag hinzu!

MARC

LEADER 00000naa a2200000 4500
001 0311794
005 20251204123823.7
041 0 |a slo 
044 |a SK 
245 1 0 |a Príručka „Ako pripraviť a spustiť fotovoltický projekt“  |c Miriam Slobodníková 
520 |a V súčasnom prostredí, kde sú energetická transformácia a udržateľnosť v popredí strategického plánovania, predstavujú fotovoltické (FV) projekty kľúčovú investíciu pre organizácie všetkých typov, obzvlášť pre subjekty verejného sektora. Ich úspešná implementácia, najmä pri rozsiahlejších systémoch s viac ako 100 solárnymi panelmi, je závislá od precízneho plánovania a transparentného procesu verejného obstarávania. 
610 2 0 |a obstarávanie verejné 
610 2 0 |a spolupráca podnikov 
610 2 0 |a zákazky 
610 2 0 |a zákonodarstvo obchodné 
610 2 0 |a zmluvy 
610 2 0 |a stratégia investičná 
610 2 0 |a energetika 
610 2 0 |a energia slnečná 
610 2 0 |a fotovoltaika 
100 1 |a Slobodníková, Miriam